| 000 | 00578nam a2200181Ia 4500 | ||
|---|---|---|---|
| 008 | 130821s1986 ck gr spa | ||
| 040 |
_aCo-BoUCM _bspa |
||
| 041 | 0 | 0 | _aspa |
| 100 |
_aMartin, Carlos _92273 |
||
| 245 | 0 | 3 |
_aEl sonido del hombre _cCarlos Martin |
| 260 |
_aBogotá (Cundinamarca, Colombia) _bUniversidad Central _c1986 |
||
| 300 | _a127 páginas | ||
| 504 | _aIncluye índice | ||
| 650 | 0 | 4 |
_aLiteratura colombiana _918629 |
| 650 | 0 | 4 |
_aPoesía colombiana _921792 |
| 942 |
_cLIBRO _a18 _e1 _kC _mM379s _2DEWEY _h861.44 |
||
| 999 |
_c27671 _d27671 |
||